ISO 9000 Quality Systems Handbook (Record no. 11137)

000 -LEADER
fixed length control field 00586 a2200169 4500
020 ## - INTERNATIONAL STANDARD BOOK NUMBER
International Standard Book Number 0750644516
082 ## - DEWEY DECIMAL CLASSIFICATION NUMBER
Classification number 658.562
090 ## - LOCALLY ASSIGNED LC-TYPE CALL NUMBER (OCLC); LOCAL CALL NUMBER (RLIN)
-- 7334
-- 7334
100 ## - MAIN ENTRY--PERSONAL NAME
Personal name Hoyle, David
245 ## - TITLE STATEMENT
Title ISO 9000 Quality Systems Handbook
Remainder of title Completely revised in response to ISO 9000:2000
Statement of responsibility, etc. Hoyle, David
250 ## - EDITION STATEMENT
Edition statement 4th ed.
260 ## - PUBLICATION, DISTRIBUTION, ETC.
Place of publication, distribution, etc. USA
Name of publisher, distributor, etc. Butterworth Heinemann
Date of publication, distribution, etc. 2001
300 ## - PHYSICAL DESCRIPTION
Extent xiii, 672 p. ;
Other physical details ill. ;
Dimensions 24 cm.
500 ## - GENERAL NOTE
General note Includes bibliographical references and index.
650 ## - SUBJECT ADDED ENTRY--TOPICAL TERM
Topical term or geographic name entry element 1. Quality control. 2. Total quality management. 3. Quality control--standards.
942 ## - ADDED ENTRY ELEMENTS (KOHA)
Koha item type Book
Call number prefix 658.562 HOY
Holdings
Withdrawn status Lost status Damaged status Not for loan Permanent Location Current Location Total Checkouts Full call number Barcode Date last seen Price effective from Koha item type
        Central Library (CL) Central Library (CL)   658.562 HOY SEECSD00593 11/14/2012 11/14/2012 Book
© 2023 Central Library, National University of Sciences and Technology. All Rights Reserved.